000
00377nam a2200121Ia 4500
003
GCL
008
140319s9999 xx 000 0 ara d
040
_a
GCL /
_c
GCL
082
0
4
_a
232
_b
فيديو
100
1
_a
علاء كامل صالح العمر
245
1
0
_a
الجراج /
_c
علاء كامل صالح العمر
490
_a
الهيئة العامة للاستعلامات
_v
0
999
_c
47672
_d
47672